Take Me Home - Jess Glynne - All Lyrics - Statistics

General Stats
  • This quiz has been taken 48 times
  • The average score is 329 of 407
Answer Stats
Answer % Correct
a
100%
take
100%
home?
96%
Home
96%
me,
96%
me
96%
Oh,
96%
woah,
96%
you
96%
You
96%
you,
96%
I
92%
so
92%
the
92%
all
88%
If
88%
if
88%
will
88%
Will
88%
broken
83%
control?
83%
lose
83%
of
83%
soul?
83%
to
83%
where
83%
Would
83%
be
79%
care
79%
Could
79%
here,
79%
I'm
79%
it
79%
know
79%
by
75%
don't
75%
go
75%
heal
75%
hold
75%
Hold
75%
hurt
75%
lyin'
75%
make
75%
now
75%
now?
75%
say
75%
this
75%
time
75%
and
71%
forever
71%
more
71%
start
71%
then
71%
up,
71%
wheel
71%
ask
67%
better,
67%
better
67%
consumed
67%
count
67%
got
67%
love,
67%
one
67%
space
67%
than
67%
three
67%
two
67%
won't
67%
Wrapped
67%
always
63%
falling
63%
Gave
63%
ground
63%
haunted,
63%
head,
63%
hit
63%
it's
63%
my
63%
talk
63%
that
63%
there
63%
away,
58%
before
58%
Came
58%
feel
58%
gun
58%
hand
58%
like
58%
lost
58%
what
58%
with
58%
Anger,
54%
'cause
54%
confusion,
54%
need
54%
nowhere
54%
safe,
54%
soon
54%
Tell
54%
walk
54%
easier,
50%
Every
50%
you've
50%
faith
46%
gets
46%
roads
46%
somewhere
46%
them
46%
there's
46%
wouldn't
46%
darkest
42%
helps
42%
minute
42%
Caught
38%
free
38%
set
38%
yeah
38%
thoughts,
33%
rationalize
25%
No matching quizzes found
Score Distribution
Percent of People with Each Score
Percentile by Number Answered
Your Score History
You have not taken this quiz